02081cam a22003494i 4500003000900000005001700009008004100026020001500067020001800082035002700100040005200127082001900179100005300198245005800251250004000309264003600349300003800385336002100423337002500444338002300469490002200492500003000514520106900544526000901613526000901622526000801631526000801639526000801647541001601655650002501671650003501696PE-LiUPU20250731184057.0150512s2010 sp r 001 0 spa d a8499083242 a9788499083247 a(Sirsi) i9788499083247 aZWZbspacZWZdVA@dOCLCFdOCLCOdPE-LiUPUerda04a864.6bL322191 aLázaro Carreter, Fernando,d1923-2004,eautor.13aEl dardo en la palabra /cFernando Lázaro Carreter. aSegunda edición con esta portada. 1aBarcelona :bDebolsillo,c2010. a754 páginas ;c19 centímetros atext2rdacontent aunmediated2rdamedia avolume2rdacarrier0 aLiteratura ;v256 Indice: páginas 735-754. a\aCon la puntería de un minucioso observador, la contundencia de quien conoce a la perfección los resortes internos del idioma y una fina ironía, Lázaro Carreter examina los artículos que son devorados por centenares de miles de personas, barre los diales de las emisoras donde bullen los asuntos más candentes o las conversaciones más banales, contempla la pantalla de una televisión ante la que cada español recibe diariamente varias hora de palabra hablada, y hace de todo ello no un catálogo exhuastivo, pero sí representativo, de los principales vicios y defectos que "adornan" el día a día de los medios. El dardo en la palabra es, pues, un aldabonazo que advierte que el idioma es un instrumento vivo. De las formas que toma en su uso diario depende su futuro, que es en gran medida también el nuestro. Su excepcional labor formativa, el favor del público y los prestigiosos galardones y reconocimientos que ha recibido han convertido El dardo en la palabra en el indiscutible fenómeno editorial de los últimos años. aP145 aP127 aP97 aP14 aP07 g001-002617; 0aEnsayos españoles. 0aLengua españolaxUso.2embne